000 00410nam a2200145Ia 4500
001 3303
008 241024s9999 xx 000 0 und d
082 _a370/M665f
100 _aMinistry of Foreign Affairs
245 0 _aJapan'S Official Development Assistance White Paper 2012. Japan'S International Cooperation
260 _bJapon
_c2013
590 _asi
901 _a20/9/2013 9:24:01 a.m.
999 _c10985
_d10985